Presidents of Mauritania by Picture - Statistics

General Stats
  • This quiz has been taken 11 times
  • The average score is 7 of 9
Answer Stats
Picture Hint Answer % Correct
1960-1978 Moktar Ould Daddah
100%
2008-2009 | 2009-2019 Mohamed Ould Abdel Aziz
89%
2019-Present Mohamed Ould Ghazouani
89%
1984-2005 Maaouya Ould Sid'Ahmed Taya
78%
1980-1984 Mohamed Khouna Ould Haidalla
78%
2005-2007 Ely Ould Mohamed Vall
67%
2007-2008 Sidi Ould Cheikh Abdallahi
67%
2009 Ba Mamadou Mbaré
56%
1979-1980 Mohamed Mahmoud Ould Louly
56%
No matching quizzes found
Score Distribution
Percent of People with Each Score
Percentile by Number Answered
Your Score History
You have not taken this quiz